Central Library OPAC University of Rajshahi

فارسى، اردو بول چال / Fārsī, Urdū būl chāl / (Record no. 86524)

MARC details
000 -LEADER
fixed length control field 00656nam a2200205 4500
001 - CONTROL NUMBER
control field 86524
003 - CONTROL NUMBER IDENTIFIER
rucl marc code BD-RjUL
005 - DATE AND TIME OF LATEST TRANSACTION
control field 20260520124925.0
008 - FIXED-LENGTH DATA ELEMENTS--GENERAL INFORMATION
fixed length control field 260520s1952 pk ||||| |||| 00| 0 urd d
035 ## - SYSTEM CONTROL NUMBER
System control number (BD-RjUL)86524
040 ## - CATALOGING SOURCE
Original cataloging agency BD-RjUL
Language of cataloging eng
Transcribing agency BD-RjUL
041 ## - LANGUAGE CODE
Language code of text/sound track or separate title urd
082 ## - DEWEY DECIMAL CLASSIFICATION NUMBER
Edition number 23
Classification number 491.507
100 ## - MAIN ENTRY--PERSONAL NAME
Personal name احمد، اقبال الدین ;; Ahmad, Iqbaluddin
9 (RLIN) 18557
245 10 - TITLE STATEMENT
Title فارسى، اردو بول چال / Fārsī, Urdū būl chāl /
Statement of responsibility, etc. اقبال الدین احمد ;; Iqbaluddin Ahmed
264 ## - PRODUCTION, PUBLICATION, DISTRIBUTION, MANUFACTURE, AND COPYRIGHT NOTICE
Place of production, publication, distribution, manufacture Karachi :
Name of producer, publisher, distributor, manufacturer Anjuman i brathers,
Date of production, publication, distribution, manufacture, or copyright notice 1952
300 ## - PHYSICAL DESCRIPTION
Pagination 92 p. ;
Size 17 cm
650 ## - SUBJECT ADDED ENTRY--TOPICAL TERM
Topical term or geographic name as entry element Urdu Persi Learning
9 (RLIN) 18558
942 ## - ADDED ENTRY ELEMENTS (KOHA)
Source of classification or shelving scheme Dewey Decimal Classification
Koha item type Books
Holdings
Lost status Source of classification or shelving scheme Damaged status Not for loan Collection code Permanent Location Current Location Shelving location Date acquired Source of acquisition Total Checkouts Full call number Date last seen Copy number Koha item type
  Dewey Decimal Classification   Not For Loan Non-fiction Central Library, University of Rajshahi Central Library, University of Rajshahi Reading Room 20/05/2026 Quran majil, Rajshahi   U 491.507 AHF 1952 20/05/2026 C-1 Books